Welcome to WEB OPAC of MRSPTU Central Library

My bleeding Punjab (Record no. 5267)

MARC details
000 -LEADER
fixed length control field 00393nam a2200157Ia 4500
008 - FIXED-LENGTH DATA ELEMENTS--GENERAL INFORMATION
fixed length control field 230711s9999||||xx |||||||||||||| ||und||
020 ## - INTERNATIONAL STANDARD BOOK NUMBER
International Standard Book Number 978-81-85674-20-9
041 ## - LANGUAGE CODE
Language code of text/sound track or separate title ENG
082 ## - DEWEY DECIMAL CLASSIFICATION NUMBER
Classification number 800
Item number KH-M
100 ## - MAIN ENTRY--PERSONAL NAME
Personal name Singh,Khushwant
245 #0 - TITLE STATEMENT
Title My bleeding Punjab
260 ## - PUBLICATION, DISTRIBUTION, ETC.
Date of publication, distribution, etc. 1992
Place of publication, distribution, etc. New Delhi
Name of publisher, distributor, etc. UBS Publishers and Distributors Pvt.Ltd.
300 ## - PHYSICAL DESCRIPTION
Extent 164
650 ## - SUBJECT ADDED ENTRY--TOPICAL TERM
Topical term or geographic name entry element Literature
942 ## - ADDED ENTRY ELEMENTS (KOHA)
Koha item type Book
Holdings
Withdrawn status Lost status Damaged status Not for loan Collection Home library Current library Date acquired Total checkouts Full call number Barcode Date last seen Date last checked out Price effective from Koha item type
          MRSPTU Central Library MRSPTU Central Library   1 800 KH-M 20258 12/02/2024 10/28/2024 08/17/2023 Book

Website Designed and Developed by MRSPTU Central Library Team

E-mail Id: librarian@mrsptu.ac.in